000 00627nam a2200229Ia 4500
003 OSt
005 20221005121912.0
006 a|||||r|||| 00| 0
007 ta
008 221004b |||||||| |||| 00| 0 tam d
024 _a52173
037 _cTextual
040 _aCRL
_cCRL
_btam
041 _2tam
_atam
082 _aV2:51y7M91, 31N0
100 _aIlavarasu Au.
_9626697
245 0 _aIndhiya viduthalai tiakathil bharathi dasan
260 _c1990
650 _aINDIA - HISTORY - FREEDOM STRUGGLE
_922401
942 _hV2:51y7M91, 31N0
_cTEXL
_2cc
999 _c1042624
_d1042624